| Tag |
First Indicator |
Second Indicator |
Subfields |
| LEADER |
00000cam a2200000 a 4500 |
| 001 |
in00000008675 |
| 005 |
20151003080022.0 |
| 008 |
860306s1984 cau b 00010 eng d |
| 010 |
|
|
|a 82061475
|
| 020 |
|
|
|a 0882477161 (pbk.) :
|c $10.00
|
| 035 |
|
|
|a (OCoLC)13246452
|
| 035 |
|
|
|9 AAA1074AM
|
| 040 |
|
|
|a WIJ
|c WIJ
|d CLA
|d TXA
|d UtOrBLW
|
| 050 |
|
4 |
|a HV6626
|b .F685 1984
|
| 100 |
1 |
|
|a Foreman, Roberta.
|
| 245 |
1 |
0 |
|a Domestic violence :
|b a training manual for mental health professionals /
|c by Roberta Foreman, Marti Frederick.
|
| 264 |
|
1 |
|a Saratoga, Calif. :
|b R&E Publishers,
|c [1984]
|
| 264 |
|
4 |
|c ©1984
|
| 300 |
|
|
|a x, 72 pages ;
|c 28 cm.
|
| 336 |
|
|
|a text
|b txt
|2 rdacontent
|
| 337 |
|
|
|a unmediated
|b n
|2 rdamedia
|
| 338 |
|
|
|a volume
|b nc
|2 rdacarrier
|
| 504 |
|
|
|a Bibliography : pages 71-72.
|
| 650 |
|
0 |
|a Wife abuse
|z United States.
|
| 650 |
|
0 |
|a Marital violence
|z United States.
|
| 650 |
|
0 |
|a Family violence
|z United States.
|
| 700 |
1 |
|
|a Frederick, Marti.
|
| 999 |
|
|
|a MARS
|
| 999 |
f |
f |
|s 05c7ee00-b894-3188-856a-88f463f7dee4
|i e547b335-1d1d-3978-9f16-9f0e4c291b91
|t 0
|
| 952 |
f |
f |
|p ric
|a Texas A&M University
|b Rellis Campus
|c Joint Library Facility
|d Remote Storage
|t 0
|e HV6626 .F685 1984
|h Library of Congress classification
|i unmediated -- volume
|m A14812567138
|
| 998 |
f |
f |
|a HV6626 .F685 1984
|t 0
|l Remote Storage
|